| 000 | 01273nam a2200277 a 4500 | ||
|---|---|---|---|
| 008 | 120416s2002 ||||||||||||||||| || u | ||
| 020 | _a0340706619 | ||
| 020 | _a0340706600 | ||
| 050 | _aHF 5429 Wri | ||
| 100 | _aWrigley, Neil | ||
| 245 | 1 | 0 | _aReading retail: a geographical perspective on retailing and consumption spaces |
| 260 |
_aLondon: _bArnold _c2002 |
||
| 300 | _axvi, 280p.: ill. | ||
| 350 | _a0.00 | ||
| 500 | _aIncludes bibliographical references (p. 248-269) and indexes. | ||
| 650 | 0 | _aCONSUMPTION--ECONOMICS | |
| 650 | _aRETAIL TRADE | ||
| 650 | _aSHOPPING CENTERS--SOCIAL ASPECTS | ||
| 650 | _aSHOPPING CENTERS | ||
| 650 | 0 | _aECONOMIC GEOGRAPHY | |
| 700 | _aLowe, Michelle, 1963- | ||
| 856 | _uhttp://www.loc.gov/catdir/enhancements/fy0614/2002283792-d.html | ||
| 995 |
_aMAIN LIBRARY OPEN ACCESS _D0.00 _e736163 _FCBU-MAIN LIBRARY (Kitwe) _H1 _I27.50 _jHF 5429 Wri _M1 _UAVAILABLE _y38854 _ZMain Library Open Access Collection |
||
| 995 |
_aMAIN LIBRARY OPEN ACCESS _D0.00 _e736162 _FCBU-MAIN LIBRARY (Kitwe) _H3 _I27.50 _jHF 5429 Wri _M3 _UAVAILABLE _y38856 _ZMain Library Open Access Collection |
||
| 995 |
_aANNEX COLLECTION (Main Library) _D0.00 _e736161 _FCBU-MAIN LIBRARY (Kitwe) _H2 _I27.50 _jHF 5429 Wri _M2 _UAVAILABLE _y38853 _ZAnnex Low-Usage Collection |
||
| 999 |
_c79966 _d79966 |
||